The english traveler's phase book (Record no. 199144)

MARC details
000 -LEADER
fixed length control field 00400nam a2200145Ia 4500
008 - FIXED-LENGTH DATA ELEMENTS--GENERAL INFORMATION
fixed length control field 231217s9999 xx 000 0 und d
041 ## - LANGUAGE CODE
Language code of text/sound track or separate title English
082 ## - DEWEY DECIMAL CLASSIFICATION NUMBER
Classification number 971.27 CRO;1 R
100 ## - MAIN ENTRY--PERSONAL NAME
Personal name Crocker, Lester G.
245 #4 - TITLE STATEMENT
Title The english traveler's phase book
260 ## - PUBLICATION, DISTRIBUTION, ETC.
Date of publication, distribution, etc. 1961
Name of publisher, distributor, etc. Square pen
Place of publication, distribution, etc. Washington
300 ## - PHYSICAL DESCRIPTION
Extent xxv, 255
650 ## - SUBJECT ADDED ENTRY--TOPICAL TERM
Topical term or geographic name entry element Compact,oxford,dictionary,,thesaurus,,word
942 ## - ADDED ENTRY ELEMENTS (KOHA)
Koha item type Books
Holdings
Date last seen Total checkouts Full call number Accession number Price effective from Category Lost status Damaged status Department Withdrawn status Home library Current library Shelving location Entry date Grants Currency symbol Conversion rate Discount
26/01/2024   971.27 CRO;1 R 92839 26/01/2024 Books     Central Library   Central Library Central Library Central Library 25/10/2019 DONATED RS 1  

© For any Suggestions or Query, please contact the library staff @ librarian@pes.edu or Phone: +9180 2672 1983/ 2108.